000 00263nam a22001097a 4500
008 170126b xxu||||| |||| 00| 0 eng d
020 _a0910701350
041 _aeng
080 _a61
245 _athe politics of health elgislation
_cFELDSTEIN, P.J
942 _2udc
_cBK
999 _c3727
_d3727